South Eastern Kenya University

Library Online Public Access Catalogue


Marine biology / (Record no. 2116)

MARC details
000 -LEADER
fixed length control field 00764cam a2200217 a 4500
020 ## - ISBN
International Standard Book Number 9780073524160 (hard copy : alk. paper)
020 ## - ISBN
International Standard Book Number 0073524166 (hard copy : alk. paper)
020 ## - ISBN
International Standard Book Number 9780071113021 (international student ed. : pbk.)
020 ## - ISBN
International Standard Book Number 0071113029 (international student ed. : pbk.)
020 ## - ISBN
International Standard Book Number 007893673X (student ed.)
020 ## - ISBN
International Standard Book Number 9780078936739 (student ed.)
050 00 - LIBRARY OF CONGRESS CALL NUMBER
Classification Number QH91
Item Number .C37 2010
100 1# - MAIN ENTRY--Author
Personal name Castro, Peter.
245 10 - TITLE
Title Marine biology /
Statement of responsibility, etc Peter Castro, Michael E. Huber ; original artwork by William C. Ober and Claire W. Garrison.
250 ## - EDITIONSTATEMENT
Edition statement 8th ed.
260 ## - PUBLICATION, DISTRIBUTION, ETC.(IMPRINT)
Place of publication, distribution, etc New York :
Name of publisher, distributor, etc McGraw-Hill,
Date of publication, distribution, etc c2010.
300 ## - PHYSICAL DESCRIPTION
Extent xvii, 461 p., [1] folded leaf :
650 #0 - SUBJECT--TOPIC
Form subdivision Textbooks.
700 1# - ADDED ENTRY--PERSONAL AUTHOR
Personal Name Huber, Michael E.
942 ## - ADDED ENTRY ELEMENTS(KOHA)
Koha item type General circulation
Holdings
Source of classification or shelving scheme Not for loan Location (home branch) Sublocation (holding branch) Date accessioned Cost, normal purchase price Full call number Barcode Cost, replacement price Koha item type Public note
Library of Congress Classification   Main Campus Library Main Campus Library 27/08/2014 13019.55 QH91 .C37 2010 2017/019799 13519.00 General circulation leo
Library of Congress Classification   Main Campus Library Main Campus Library 27/08/2014 13019.55 QH91 .C37 2010 2017/019800 13519.00 Shortloan leo
Kitui, Kenya.
+254736116989
library@seku.ac.ke